Zawodnicy CS:GO - ZDJĘCIA - Statystyki

Ogólne statystyki
  • Ten quiz został rozwiązany 974 razy
    102 od ostatniego zresetowania
  • Średni wynik to 10 z 12
Statystyki odpowiedzi
Obrazkowy Odpowiedź % Poprawnych
Janusz „Snax” Pogorzelski
100%
Jarosław „pashaBiceps” Jarząbkowski
100%
Ołeksandr "s1mple" Kostylew
100%
Wiktor „TaZ” Wojtas
98%
Filip „Neo” Kubski
97%
Nikola "NiKo" Kovač
90%
Nicolai „dev1ce” Reedtz
81%
Gabriel "FalleN" Toledo
74%
Patrik "f0rest" Lindberg
65%
Håvard "rain" Nygaard
64%
Ladislav "GuardiaN" Kovács
62%
Michael "shroud" Grzesiek
42%
Nie znaleziono quizów pasujących do podanych kryteriów
Rozkład punktacji
Procent ludzi z każdym wynikiem
Percentyl według liczby udzielonych odpowiedzi
Twoja historia wyników
Nie rozwiązałeś tego quizu od ostatniego zresetowania